Mega Quiz geograficzny (Państwa Azji) - Statystyki

Ogólne statystyki
  • Ten quiz został rozwiązany 28 razy
  • Średni wynik to 41 z 48
Statystyki odpowiedzi
Azja Państwo % Poprawnych
2 Arabia Saudyjska
95%
9 Chiny
95%
17 Japonia
95%
18 Jemen
95%
23 Kirgistan
95%
25 Korea Północna
95%
24 Korea Południowa
95%
41 Tajlandia
95%
3 Armenia
91%
11 Gruzja
91%
12 Indie
91%
13 Indonezja
91%
14 Irak
91%
15 Iran
91%
16 Izrael
91%
21 Katar
91%
45 Turkmenistan
91%
1 Afganistan
86%
4 Azerbejdżan
86%
19 Jordania
86%
20 Kambodża
86%
27 Laos
86%
29 Malediwy
86%
32 Mongolia
86%
34 Oman
86%
35 Pakistan
86%
38 Sri lanka
86%
42 Tajwan
86%
44 Turcja
86%
46 Uzbekistan
86%
47 Wietnam
86%
6 Bangladesz
82%
7 Bhutan
82%
10 Filipiny
82%
28 Liban
82%
39 Syria
82%
40 Tadżykistan
82%
48 Zjednoczone Emiraty Arabskie
82%
22 Kazachstan
77%
26 Kuwejt
77%
30 Malezja
77%
33 Nepal
77%
5 Bahrajn
73%
8 Brunei
73%
31 Mjanma
73%
43 Timor Wschodni
73%
37 Singapur
68%
36 Palestyna
50%
Nie znaleziono quizów pasujących do podanych kryteriów
Rozkład punktacji
Procent ludzi z każdym wynikiem
Percentyl według liczby udzielonych odpowiedzi
Twoja historia wyników
Nie rozwiązałeś tego quizu